000 00560nam a2200205Ia 4500
003 GCL
008 140319s9999 xx 000 0 ara d
040 _aGCL /
_cGCL
082 0 4 _aط
_b813.087
_bس د
100 1 _aايهاب شاكر
245 1 0 _aدعوة الى باريس /
_cايهاب شاكر
700 1 _aسميرة شفيق
300 _a48 ص
490 _aشمسة ودانة
_v0
650 0 4 _aالقصص القصيرة
650 0 4 _aالاطفال
650 0 4 _aقصص الاطفال
650 0 4 _aادب الاطفال
942 _2ddc
_cBK
999 _c51413
_d51413